Manažérstvo inovácii
Na minha lista:
| Autor principal: | |
|---|---|
| Autor Corporativo: | |
| Outros Autores: | , |
| Formato: | Livro |
| Idioma: | eslovaco |
| Publicado em: |
Košice
Petit
2020
|
| Edição: | 1. vydanie |
| Assuntos: | |
| Tags: |
Sem tags, seja o primeiro a adicionar uma tag!
|
MARC
| LEADER | 00000nam a2200000 4500 | ||
|---|---|---|---|
| 001 | 0269402 | ||
| 005 | 20240502074224.4 | ||
| 020 | |a 978-80-971555-6-8 | ||
| 041 | 0 | |a slo | |
| 044 | |a SK | ||
| 245 | 1 | 0 | |a Manažérstvo inovácii |c Naqibullah Daneshjo ; recenzenti: Vojtech Dirner, Milan Majerník |
| 250 | |a 1. vydanie | ||
| 264 | 1 | |a Košice |b Petit |c 2020 | |
| 300 | |a 102 s. [5,1 AH] | ||
| 610 | 2 | 0 | |a manažment inovačný |
| 610 | 2 | 0 | |a inovácia |
| 610 | 2 | 0 | |a stratégia inovačná |
| 610 | 2 | 0 | |a inovácia výrobkov |
| 610 | 2 | 0 | |a riadenie procesné |
| 610 | 2 | 0 | |a modelovanie |
| 100 | 1 | |a Daneshjo, Naqibullah, 1964- | |
| 700 | 1 | |a Dirner, Vojtech | |
| 700 | 1 | |a Majerník, Milan, 1952- | |
| 710 | 2 | |a Ekonomická univerzita v Bratislave. Obchodná fakulta | |